[Event "Russian Blitz Team Championship (m)"]
[Site "Sochi"]
[Date "2022.10.17"]
[Round "4.1"]
[White "Afanasiev, Nikita"]
[Black "Grachev, Boris"]
[Result "1-0"]
[BlackElo "2565"]
[WhiteElo "2541"]
[LiveChessVersion "1.4.8"]

1. Nf3 {[%clk 0:03:02]} d5 {[%clk 0:03:03]} 2. g3 {[%clk 0:03:03]} Bf5
{[%clk 0:02:52]} 3. Bg2 {[%clk 0:03:03]} e6 {[%clk 0:02:53]} 4. O-O
{[%clk 0:03:01]} c6 {[%clk 0:02:53]} 5. b3 {[%clk 0:02:56]} h6 {[%clk 0:02:53]}
6. Bb2 {[%clk 0:02:57]} Nf6 {[%clk 0:02:54]} 7. d3 {[%clk 0:02:57]} Be7
{[%clk 0:02:55]} 8. Nbd2 {[%clk 0:02:58]} O-O {[%clk 0:02:55]} 9. Re1
{[%clk 0:02:57]} Bh7 {[%clk 0:02:55]} 10. e4 {[%clk 0:02:58]} a5 {[%clk 0:02:57]}
11. a3 {[%clk 0:02:56]} c5 {[%clk 0:02:38]} 12. Ne5 {[%clk 0:02:50]} Nc6
{[%clk 0:02:39]} 13. exd5 {[%clk 0:02:37]} exd5 {[%clk 0:02:38]} 14. Nxc6
{[%clk 0:02:29]} bxc6 {[%clk 0:02:39]} 15. a4 {[%clk 0:02:30]} Nd7
{[%clk 0:02:31]} 16. Qg4 {[%clk 0:02:20]} Bf6 {[%clk 0:02:29]} 17. Bxf6
{[%clk 0:02:20]} Nxf6 {[%clk 0:02:30]} 18. Qf4 {[%clk 0:02:13]} Rb8
{[%clk 0:02:13]} 19. Nf3 {[%clk 0:01:47]} Rb4 {[%clk 0:02:05]} 20. Qe3
{[%clk 0:01:39]} Nd7 {[%clk 0:01:49]} 21. Qe7 {[%clk 0:01:26]} Bf5
{[%clk 0:01:15]} 22. Qd6 {[%clk 0:01:19]} Qf6 {[%clk 0:01:02]} 23. Qxf6
{[%clk 0:00:53]} Nxf6 {[%clk 0:00:59]} 24. Re7 {[%clk 0:00:53]} Rc8
{[%clk 0:00:37]} 25. Ne5 {[%clk 0:00:44]} Be6 {[%clk 0:00:18]} 26. Ra7
{[%clk 0:00:41]} Ng4 {[%clk 0:00:18]} 27. Nxg4 {[%clk 0:00:35]} Bxg4
{[%clk 0:00:19]} 28. Rxa5 {[%clk 0:00:33]} c4 {[%clk 0:00:20]} 29. bxc4
{[%clk 0:00:26]} dxc4 {[%clk 0:00:20]} 30. Rc5 {[%clk 0:00:18]} cxd3
{[%clk 0:00:17]} 31. cxd3 {[%clk 0:00:19]} Bd7 {[%clk 0:00:12]} 32. a5
{[%clk 0:00:18]} Ra8 {[%clk 0:00:05]} 33. Bxc6 {[%clk 0:00:11]} Rc8
{[%clk 0:00:06]} 34. Rac1 {[%clk 0:00:12]} Bxc6 {[%clk 0:00:04]} 35. Rxc6
{[%clk 0:00:13]} Rxc6 {[%clk 0:00:05]} 36. Rxc6 {[%clk 0:00:14]} Ra4
{[%clk 0:00:06]} 37. a6 {[%clk 0:00:11]} Kf8 {[%clk 0:00:07]} 38. Rc8+
{[%clk 0:00:11]} Ke7 {[%clk 0:00:09]} 39. Rc7+ {[%clk 0:00:12]} Ke6
{[%clk 0:00:10]} 40. a7 {[%clk 0:00:13]} g5 {[%clk 0:00:10]} 41. Kg2
{[%clk 0:00:10]} f5 {[%clk 0:00:08]} 42. Kf3 {[%clk 0:00:11]} Ke5
{[%clk 0:00:06]} 43. Rh7 {[%clk 0:00:09]} Ra3 {[%clk 0:00:06]} 44. Ke2
{[%clk 0:00:07]} Ra2+ {[%clk 0:00:07]} 45. Ke3 {[%clk 0:00:08]} f4+
{[%clk 0:00:07]} 46. gxf4+ {[%clk 0:00:09]} gxf4+ {[%clk 0:00:09]} 47. Kf3
{[%clk 0:00:10]} Ra3 {[%clk 0:00:09]} 48. Kg4 {[%clk 0:00:10]} Ra2
{[%clk 0:00:08]} 49. h4 {[%clk 0:00:10]} Kd4 {[%clk 0:00:07]} 50. Rd7+
{[%clk 0:00:11]} Ke5 {[%clk 0:00:08]} 51. h5 {[%clk 0:00:08]} Ke6
{[%clk 0:00:08]} 52. Rh7 {[%clk 0:00:08]} Ke5 {[%clk 0:00:09]} 53. Kf3
{[%clk 0:00:05]} Ra3 {[%clk 0:00:10]} 54. Kg4 {[%clk 0:00:04]} Ra2
{[%clk 0:00:11]} 55. Rg7 {[%clk 0:00:05]} Ra1 {[%clk 0:00:09]} 56. Rb7
{[%clk 0:00:06]} Ra4 {[%clk 0:00:05]} 57. f3 {[%clk 0:00:05]} Ra1
{[%clk 0:00:06]} 58. Re7+ {[%clk 0:00:04]} Kf6 {[%clk 0:00:05]} 59. Rh7
{[%clk 0:00:04]} Ke5 {[%clk 0:00:05]} 60. Rxh6 {[%clk 0:00:04]} Rxa7
{[%clk 0:00:05]} 61. Rg6 {[%clk 0:00:06]} Ra1 {[%clk 0:00:06]} 62. Rg5+
{[%clk 0:00:05]} Kd4 {[%clk 0:00:06]} 63. Kxf4 {[%clk 0:00:06]} Rh1
{[%clk 0:00:06]} 64. Kf5 {[%clk 0:00:04]} Kxd3 {[%clk 0:00:04]} 65. Kg6
{[%clk 0:00:05]} Ke3 {[%clk 0:00:05]} 66. Rf5 {[%clk 0:00:07]} Rg1+
{[%clk 0:00:05]} 67. Kh7 {[%clk 0:00:07]} Ra1 {[%clk 0:00:05]} 68. h6
{[%clk 0:00:08]} Ra7+ {[%clk 0:00:06]} 69. Kg6 {[%clk 0:00:09]} Ra6+
{[%clk 0:00:06]} 70. Rf6 {[%clk 0:00:10]} Ra1 {[%clk 0:00:05]} 71. h7
{[%clk 0:00:11]} Rg1+ {[%clk 0:00:06]} 72. Kf7 {[%clk 0:00:12]} 1-0

[Event "Russian Blitz Team Championship (m)"]
[Site "Sochi"]
[Date "2022.10.17"]
[Round "4.2"]
[White "Dreev, Aleksey"]
[Black "Tsydypov, Zhamsaran"]
[Result "0-1"]
[BlackElo "2598"]
[WhiteElo "2625"]
[LiveChessVersion "1.4.8"]

1. d4 {[%clk 0:03:03]} Nf6 {[%clk 0:03:02]} 2. Nf3 {[%clk 0:03:05]} c5
{[%clk 0:03:00]} 3. d5 {[%clk 0:03:05]} b5 {[%clk 0:02:59]} 4. Bg5
{[%clk 0:03:06]} Qb6 {[%clk 0:02:55]} 5. Nc3 {[%clk 0:03:05]} b4 {[%clk 0:02:48]}
6. Na4 {[%clk 0:03:06]} Qa5 {[%clk 0:02:49]} 7. Bxf6 {[%clk 0:03:06]} gxf6
{[%clk 0:02:32]} 8. b3 {[%clk 0:03:07]} f5 {[%clk 0:02:33]} 9. e3
{[%clk 0:02:55]} Bg7 {[%clk 0:02:34]} 10. Rb1 {[%clk 0:02:52]} d6
{[%clk 0:02:28]} 11. Bd3 {[%clk 0:02:51]} O-O {[%clk 0:02:22]} 12. O-O
{[%clk 0:02:48]} Na6 {[%clk 0:02:10]} 13. Nh4 {[%clk 0:02:31]} e6
{[%clk 0:02:11]} 14. Qf3 {[%clk 0:02:27]} Nc7 {[%clk 0:02:10]} 15. Rbd1
{[%clk 0:02:10]} Bd7 {[%clk 0:01:57]} 16. Bc4 {[%clk 0:02:05]} Bxa4
{[%clk 0:01:46]} 17. bxa4 {[%clk 0:02:00]} Rad8 {[%clk 0:01:30]} 18. Rfe1
{[%clk 0:01:36]} Qxa4 {[%clk 0:01:27]} 19. e4 {[%clk 0:01:25]} fxe4
{[%clk 0:01:26]} 20. Rxe4 {[%clk 0:01:18]} Qxc2 {[%clk 0:01:10]} 21. g3
{[%clk 0:01:04]} f5 {[%clk 0:00:50]} 22. Rf4 {[%clk 0:01:03]} Nxd5
{[%clk 0:00:15]} 23. Rxd5 {[%clk 0:00:52]} exd5 {[%clk 0:00:16]} 24. Bxd5+
{[%clk 0:00:53]} Kh8 {[%clk 0:00:14]} 25. Qh5 {[%clk 0:00:34]} Rf6
{[%clk 0:00:15]} 26. Nxf5 {[%clk 0:00:33]} Rdf8 {[%clk 0:00:14]} 27. Be4
{[%clk 0:00:34]} Qc1+ 28. Kg2 h6 {[%clk 0:00:10]} 29. Rg4 {[%clk 0:00:30]} R8f7
{[%clk 0:00:07]} 30. h4 Qd2 {[%clk 0:00:07]} 31. Rf4 {[%clk 0:00:16]} Qc3
{[%clk 0:00:07]} 32. Qg4 {[%clk 0:00:15]} Qe5 {[%clk 0:00:07]} 33. Bc2
{[%clk 0:00:06]} d5 {[%clk 0:00:08]} 34. Rf3 {[%clk 0:00:05]} d4 {[%clk 0:00:07]}
35. h5 {[%clk 0:00:07]} c4 {[%clk 0:00:08]} 36. Be4 {[%clk 0:00:07]} d3
{[%clk 0:00:09]} 37. Nxg7 {[%clk 0:00:07]} Rxf3 {[%clk 0:00:10]} 38. Bxf3
{[%clk 0:00:08]} Qxg7 {[%clk 0:00:08]} 39. Qxc4 {[%clk 0:00:08]} d2
{[%clk 0:00:09]} 40. Qc8+ {[%clk 0:00:08]} Qf8 {[%clk 0:00:12]} 41. Qc2 Rxf3 42.
Qxd2 {[%clk 0:00:06]} Rf6 {[%clk 0:00:13]} 43. f4 {[%clk 0:00:05]} Qf7
{[%clk 0:00:13]} 44. Qe2 {[%clk 0:00:04]} Qd5+ {[%clk 0:00:14]} 45. Kh3
{[%clk 0:00:05]} Qf5+ {[%clk 0:00:13]} 46. Kh4 {[%clk 0:00:06]} Qd5
{[%clk 0:00:11]} 47. Qe8+ {[%clk 0:00:06]} Kg7 {[%clk 0:00:12]} 48. Qe7+
{[%clk 0:00:06]} Rf7 {[%clk 0:00:14]} 49. Qxb4 {[%clk 0:00:06]} Qh1+
{[%clk 0:00:14]} 50. Kg4 {[%clk 0:00:07]} Qd1+ {[%clk 0:00:14]} 51. Kh4
{[%clk 0:00:08]} Qd8+ {[%clk 0:00:15]} 52. Kh3 {[%clk 0:00:07]} Qd5
{[%clk 0:00:16]} 53. Qc3+ {[%clk 0:00:07]} Kh7 {[%clk 0:00:17]} 54. Kh4
{[%clk 0:00:07]} Qf5 {[%clk 0:00:14]} 55. Qd2 {[%clk 0:00:05]} Rg7
{[%clk 0:00:15]} 56. Qe2 {[%clk 0:00:05]} Kh8 {[%clk 0:00:12]} 57. Qe8+
{[%clk 0:00:05]} Rg8 {[%clk 0:00:13]} 58. Qe2 {[%clk 0:00:06]} a5
{[%clk 0:00:13]} 59. a4 {[%clk 0:00:08]} Kh7 {[%clk 0:00:13]} 60. Qe7+
{[%clk 0:00:09]} Rg7 {[%clk 0:00:14]} 61. Qe2 {[%clk 0:00:10]} Qf6+
{[%clk 0:00:16]} 62. Kh3 {[%clk 0:00:12]} Rf7 {[%clk 0:00:16]} 63. Qe3
{[%clk 0:00:10]} Qf5+ {[%clk 0:00:17]} 64. Kh4 {[%clk 0:00:12]} Qd5
{[%clk 0:00:17]} 65. Qe8 {[%clk 0:00:11]} Qd7 {[%clk 0:00:12]} 66. Qe4+
{[%clk 0:00:12]} Qf5 {[%clk 0:00:14]} 67. Qe2 {[%clk 0:00:12]} Rg7
{[%clk 0:00:15]} 68. Qd1 {[%clk 0:00:11]} Qe4 {[%clk 0:00:14]} 69. Kh3
{[%clk 0:00:11]} Rf7 {[%clk 0:00:13]} 70. Kh4 {[%clk 0:00:12]} Qf5
{[%clk 0:00:13]} 71. Qe2 {[%clk 0:00:11]} Rd7 {[%clk 0:00:14]} 72. Qe8
{[%clk 0:00:11]} Rg7 {[%clk 0:00:13]} 73. Qe2 {[%clk 0:00:12]} Qd5
{[%clk 0:00:14]} 74. Qc2+ {[%clk 0:00:12]} Kh8 {[%clk 0:00:15]} 75. Qc8+
{[%clk 0:00:10]} Qg8 {[%clk 0:00:16]} 76. Qc3 {[%clk 0:00:10]} Qd8+
{[%clk 0:00:17]} 77. Kh3 {[%clk 0:00:11]} Qd7+ {[%clk 0:00:18]} 78. Kh2
{[%clk 0:00:10]} Qf5 {[%clk 0:00:19]} 79. Qf3 {[%clk 0:00:10]} Qc2+
{[%clk 0:00:19]} 80. Kh3 {[%clk 0:00:12]} Kh7 {[%clk 0:00:19]} 81. Qd5
{[%clk 0:00:10]} Qc8+ {[%clk 0:00:17]} 82. Kh2 {[%clk 0:00:11]} Qg4
{[%clk 0:00:18]} 83. Qd3+ {[%clk 0:00:10]} Kh8 {[%clk 0:00:19]} 84. Qd8+
{[%clk 0:00:11]} Rg8 {[%clk 0:00:21]} 85. Qd4+ {[%clk 0:00:12]} Qg7
{[%clk 0:00:22]} 86. Qd3 {[%clk 0:00:13]} Re8 {[%clk 0:00:23]} 87. Kh3
{[%clk 0:00:12]} Qf7 {[%clk 0:00:23]} 88. Qd4+ {[%clk 0:00:13]} Kg8
{[%clk 0:00:24]} 89. Qd1 {[%clk 0:00:13]} Qe6+ {[%clk 0:00:25]} 90. Kh4
{[%clk 0:00:12]} Qe4 {[%clk 0:00:24]} 91. Qg4+ {[%clk 0:00:11]} Kf8
{[%clk 0:00:24]} 92. Qd1 {[%clk 0:00:11]} Qe7+ {[%clk 0:00:23]} 93. Kh3
{[%clk 0:00:11]} Rd8 {[%clk 0:00:24]} 94. Qc2 {[%clk 0:00:10]} Qe6+
{[%clk 0:00:25]} 95. Kh4 {[%clk 0:00:11]} Rd5 {[%clk 0:00:25]} 96. g4
{[%clk 0:00:06]} Qe1+ {[%clk 0:00:23]} 97. Kh3 {[%clk 0:00:06]} Qe3+
{[%clk 0:00:22]} 98. Kh4 {[%clk 0:00:07]} Qxf4 {[%clk 0:00:17]} 99. Qc8+
{[%clk 0:00:06]} Kg7 {[%clk 0:00:19]} 100. Qb7+ {[%clk 0:00:05]} Qf7
{[%clk 0:00:20]} 0-1

[Event "Russian Blitz Team Championship (m)"]
[Site "Sochi"]
[Date "2022.10.17"]
[Round "4.3"]
[White "Moiseenko, Vadim"]
[Black "Zvjaginsev, Vadim"]
[Result "1/2-1/2"]
[BlackElo "2601"]
[WhiteElo "2492"]
[LiveChessVersion "1.4.8"]

1. Nf3 {[%clk 0:03:03]} c5 {[%clk 0:03:01]} 2. c4 {[%clk 0:03:00]} Nf6
{[%clk 0:02:59]} 3. Nc3 {[%clk 0:03:01]} e6 {[%clk 0:03:00]} 4. g3
{[%clk 0:02:59]} Nc6 {[%clk 0:02:57]} 5. Bg2 {[%clk 0:03:00]} d5 {[%clk 0:02:52]}
6. cxd5 {[%clk 0:03:01]} Nxd5 {[%clk 0:02:52]} 7. O-O {[%clk 0:03:01]} Qb6
{[%clk 0:02:52]} 8. b3 {[%clk 0:02:49]} Be7 {[%clk 0:02:31]} 9. Bb2
{[%clk 0:02:49]} O-O {[%clk 0:02:19]} 10. Rc1 {[%clk 0:02:50]} Rd8
{[%clk 0:02:12]} 11. d3 {[%clk 0:02:39]} Nxc3 {[%clk 0:01:59]} 12. Bxc3
{[%clk 0:02:40]} Bd7 {[%clk 0:01:58]} 13. Qd2 {[%clk 0:02:38]} Rac8
{[%clk 0:01:54]} 14. Qf4 {[%clk 0:02:35]} Qc7 {[%clk 0:01:49]} 15. Ne5
{[%clk 0:02:24]} f6 {[%clk 0:01:44]} 16. Nxd7 {[%clk 0:02:17]} Qxf4
{[%clk 0:01:44]} 17. gxf4 {[%clk 0:02:18]} Rxd7 {[%clk 0:01:45]} 18. Bh3
{[%clk 0:02:02]} f5 {[%clk 0:01:45]} 19. Bg2 {[%clk 0:01:57]} Kf7
{[%clk 0:01:44]} 20. Rfd1 {[%clk 0:01:55]} b6 {[%clk 0:01:40]} 21. Bf3
{[%clk 0:01:54]} a5 {[%clk 0:01:34]} 22. Bxc6 {[%clk 0:01:47]} Rxc6
{[%clk 0:01:35]} 23. a4 {[%clk 0:01:48]} Bf6 {[%clk 0:01:28]} 24. Bxf6
{[%clk 0:01:40]} Kxf6 {[%clk 0:01:28]} 25. Rc4 {[%clk 0:01:41]} h6
{[%clk 0:01:25]} 26. h4 {[%clk 0:01:41]} Kg6 {[%clk 0:01:23]} 27. Kg2
{[%clk 0:01:42]} Kh5 {[%clk 0:01:24]} 28. Kh3 {[%clk 0:01:42]} Rcd6
{[%clk 0:01:21]} 29. Rg1 {[%clk 0:01:42]} g6 {[%clk 0:01:17]} 30. Rg3
{[%clk 0:01:39]} Rd4 {[%clk 0:01:17]} 31. Re3 {[%clk 0:01:39]} Rxc4
{[%clk 0:01:10]} 32. bxc4 {[%clk 0:01:15]} Rd6 {[%clk 0:01:04]} 33. Kg3
{[%clk 0:01:08]} g5 {[%clk 0:01:03]} 34. hxg5 hxg5 {[%clk 0:01:03]} 35. fxg5
{[%clk 0:00:55]} Kxg5 {[%clk 0:01:04]} 36. f4+ {[%clk 0:00:56]} Kf6
{[%clk 0:01:05]} 37. Kf2 {[%clk 0:00:57]} Rd4 {[%clk 0:01:03]} 38. Rf3
{[%clk 0:00:58]} e5 {[%clk 0:00:59]} 39. fxe5+ {[%clk 0:00:59]} Kxe5
{[%clk 0:01:00]} 40. Rh3 {[%clk 0:00:57]} Rd6 {[%clk 0:00:56]} 41. Ke3
{[%clk 0:00:58]} Rg6 {[%clk 0:00:51]} 42. Rh5 {[%clk 0:00:56]} Rg3+
{[%clk 0:00:32]} 43. Kd2 {[%clk 0:00:47]} Rg6 {[%clk 0:00:32]} 44. Rh8
{[%clk 0:00:34]} Re6 {[%clk 0:00:31]} 45. Rd8 {[%clk 0:00:34]} Kf6
{[%clk 0:00:31]} 46. Rd5 {[%clk 0:00:32]} Kg6 {[%clk 0:00:28]} 47. e3
{[%clk 0:00:30]} Kf6 {[%clk 0:00:22]} 48. Ke2 {[%clk 0:00:31]} f4
{[%clk 0:00:06]} 49. e4 {[%clk 0:00:31]} Ke7 {[%clk 0:00:07]} 50. Kf3
{[%clk 0:00:17]} Rh6 {[%clk 0:00:07]} 51. Kxf4 {[%clk 0:00:18]} Rh4+
{[%clk 0:00:06]} 52. Kf5 {[%clk 0:00:17]} Rh5+ {[%clk 0:00:07]} 53. Kf4
{[%clk 0:00:17]} Rh4+ {[%clk 0:00:08]} 54. Ke3 {[%clk 0:00:16]} Rh3+
{[%clk 0:00:09]} 55. Kd2 {[%clk 0:00:17]} Rh1 {[%clk 0:00:10]} 56. Rg5
{[%clk 0:00:17]} Kd7 {[%clk 0:00:11]} 57. Rg7+ {[%clk 0:00:17]} Kc6
{[%clk 0:00:12]} 58. Rg6+ {[%clk 0:00:18]} Kc7 {[%clk 0:00:14]} 59. Rg7+
{[%clk 0:00:14]} Kc6 {[%clk 0:00:15]} 60. Kc2 {[%clk 0:00:12]} Ra1
{[%clk 0:00:15]} 61. Rg6+ {[%clk 0:00:12]} Kc7 {[%clk 0:00:17]} 62. Kb3
{[%clk 0:00:10]} Rb1+ {[%clk 0:00:18]} 63. Ka2 {[%clk 0:00:11]} Rd1
{[%clk 0:00:18]} 64. Rg3 {[%clk 0:00:11]} Kd6 {[%clk 0:00:17]} 65. Kb2
{[%clk 0:00:11]} Rd2+ {[%clk 0:00:12]} 66. Kc3 {[%clk 0:00:11]} Ra2
{[%clk 0:00:12]} 67. Kb3 {[%clk 0:00:12]} Rd2 {[%clk 0:00:13]} 68. Rg6+
{[%clk 0:00:12]} Kc7 {[%clk 0:00:15]} 69. Rg7+ {[%clk 0:00:10]} Kc6
{[%clk 0:00:16]} 70. Rg3 {[%clk 0:00:08]} Kd6 {[%clk 0:00:15]} 71. Rh3
{[%clk 0:00:09]} Kc6 {[%clk 0:00:16]} 72. Re3 {[%clk 0:00:08]} Kd6
{[%clk 0:00:17]} 73. Rf3 {[%clk 0:00:05]} Kc6 {[%clk 0:00:18]} 74. Rf6+
{[%clk 0:00:05]} Kc7 {[%clk 0:00:20]} 75. Rf7+ {[%clk 0:00:06]} Kc6
{[%clk 0:00:21]} 76. Rf3 {[%clk 0:00:07]} Kd6 {[%clk 0:00:21]} 77. Rg3
{[%clk 0:00:07]} Kc6 {[%clk 0:00:22]} 78. e5 {[%clk 0:00:08]} Re2
{[%clk 0:00:17]} 79. Rg6+ {[%clk 0:00:08]} Kc7 {[%clk 0:00:17]} 80. Rg7+
{[%clk 0:00:06]} Kc6 {[%clk 0:00:18]} 81. Rg6+ {[%clk 0:00:08]} Kc7
{[%clk 0:00:20]} 82. e6 {[%clk 0:00:07]} Kd6 {[%clk 0:00:08]} 83. e7+
{[%clk 0:00:06]} Kc7 {[%clk 0:00:10]} 84. Rg7 {[%clk 0:00:05]} Kd7
{[%clk 0:00:11]} 85. Rg6 {[%clk 0:00:05]} Kc7 {[%clk 0:00:11]} 86. Rg7
{[%clk 0:00:05]} Kd6 {[%clk 0:00:12]} 87. Rg6+ {[%clk 0:00:04]} Kc7
{[%clk 0:00:13]} 88. Rg7 {[%clk 0:00:04]} Kd6 {[%clk 0:00:15]} 89. Rg6+
{[%clk 0:00:05]} Ke5 1/2-1/2

[Event "Russian Blitz Team Championship (m)"]
[Site "Sochi"]
[Date "2022.10.17"]
[Round "4.4"]
[White "Malakhov, Vladimir"]
[Black "Rozum, Ivan"]
[Result "1-0"]
[BlackElo "2428"]
[WhiteElo "2654"]
[LiveChessVersion "1.4.8"]

1. Nf3 {[%clk 0:03:03]} Nf6 {[%clk 0:03:03]} 2. c4 {[%clk 0:03:04]} d6
{[%clk 0:03:04]} 3. g3 {[%clk 0:03:04]} e5 {[%clk 0:03:03]} 4. Bg2
{[%clk 0:03:05]} c6 {[%clk 0:03:03]} 5. O-O {[%clk 0:03:06]} Be7 {[%clk 0:03:03]}
6. Nc3 {[%clk 0:03:06]} O-O {[%clk 0:03:04]} 7. Qc2 {[%clk 0:02:59]} Re8
{[%clk 0:03:03]} 8. d4 {[%clk 0:02:59]} Nbd7 {[%clk 0:02:57]} 9. Rd1
{[%clk 0:02:55]} Bf8 {[%clk 0:02:56]} 10. e4 {[%clk 0:02:49]} Qc7
{[%clk 0:02:52]} 11. h3 {[%clk 0:02:45]} b6 {[%clk 0:02:51]} 12. Be3
{[%clk 0:02:31]} Bb7 {[%clk 0:02:51]} 13. d5 {[%clk 0:02:26]} c5 {[%clk 0:02:31]}
14. Nh2 {[%clk 0:02:07]} a6 {[%clk 0:02:31]} 15. Ng4 {[%clk 0:02:06]} h6 16. Rab1
{[%clk 0:02:03]} Be7 {[%clk 0:02:22]} 17. Nxf6+ {[%clk 0:02:01]} Bxf6
{[%clk 0:02:22]} 18. h4 {[%clk 0:02:01]} Nf8 {[%clk 0:02:11]} 19. b4
{[%clk 0:02:00]} Reb8 {[%clk 0:02:02]} 20. bxc5 {[%clk 0:02:00]} bxc5
{[%clk 0:02:03]} 21. Rb3 {[%clk 0:01:59]} Bc8 {[%clk 0:02:04]} 22. Rdb1
{[%clk 0:01:59]} Rxb3 {[%clk 0:02:01]} 23. Qxb3 {[%clk 0:02:00]} Nd7
{[%clk 0:01:48]} 24. Qa4 {[%clk 0:01:53]} Rb8 {[%clk 0:01:41]} 25. Rb3
{[%clk 0:01:48]} Rxb3 {[%clk 0:01:40]} 26. axb3 {[%clk 0:01:49]} Qb7
{[%clk 0:01:30]} 27. Qc6 {[%clk 0:01:48]} Qxc6 {[%clk 0:00:52]} 28. dxc6
{[%clk 0:01:49]} Nb8 {[%clk 0:00:53]} 29. c7 {[%clk 0:01:46]} Nc6
{[%clk 0:00:54]} 30. Nd5 {[%clk 0:01:38]} Be6 {[%clk 0:00:36]} 31. Kh2
{[%clk 0:01:34]} Na7 {[%clk 0:00:24]} 32. Nb6 {[%clk 0:01:35]} g5
{[%clk 0:00:19]} 33. hxg5 hxg5 {[%clk 0:00:21]} 34. f3 {[%clk 0:01:36]} g4
{[%clk 0:00:17]} 35. fxg4 {[%clk 0:01:37]} Kf8 {[%clk 0:00:09]} 36. g5
{[%clk 0:01:37]} Be7 {[%clk 0:00:09]} 37. Bh3 {[%clk 0:01:39]} 1-0

[Event "Russian Blitz Team Championship (m)"]
[Site "Sochi"]
[Date "2022.10.17"]
[Round "4.5"]
[White "Artemiev, Vladislav"]
[Black "Chigaev, Maksim"]
[Result "0-1"]
[BlackElo "2537"]
[WhiteElo "2832"]
[LiveChessVersion "1.4.8"]

1. b3 {[%clk 0:03:01]} g6 {[%clk 0:02:56]} 2. Bb2 {[%clk 0:03:01]} Nf6
{[%clk 0:02:57]} 3. g3 {[%clk 0:03:02]} d5 {[%clk 0:02:55]} 4. Nf3
{[%clk 0:03:01]} c5 {[%clk 0:02:56]} 5. c4 {[%clk 0:02:59]} d4 {[%clk 0:02:55]}
6. b4 {[%clk 0:03:00]} Bg7 {[%clk 0:02:55]} 7. Bg2 {[%clk 0:03:00]} O-O
{[%clk 0:02:52]} 8. O-O {[%clk 0:03:00]} Re8 {[%clk 0:02:53]} 9. bxc5
{[%clk 0:02:55]} Ne4 {[%clk 0:02:54]} 10. d3 {[%clk 0:02:51]} Nxc5
{[%clk 0:02:54]} 11. Nbd2 {[%clk 0:02:49]} Nba6 {[%clk 0:02:53]} 12. Ba3
{[%clk 0:02:41]} e5 {[%clk 0:02:45]} 13. Ne1 {[%clk 0:01:56]} Rb8
{[%clk 0:02:43]} 14. Nc2 {[%clk 0:01:48]} Bd7 {[%clk 0:01:27]} 15. Nb4
{[%clk 0:01:34]} Nxb4 {[%clk 0:01:12]} 16. Bxb4 {[%clk 0:01:35]} b6
{[%clk 0:01:11]} 17. Rb1 {[%clk 0:01:24]} Bf8 {[%clk 0:01:08]} 18. Qc1
{[%clk 0:01:00]} Qc7 {[%clk 0:00:53]} 19. Bxc5 {[%clk 0:00:53]} Bxc5
{[%clk 0:00:49]} 20. Bd5 {[%clk 0:00:40]} Kg7 {[%clk 0:00:50]} 21. Nb3
{[%clk 0:00:28]} Bd6 {[%clk 0:00:37]} 22. Qb2 {[%clk 0:00:27]} f5
{[%clk 0:00:35]} 23. e3 {[%clk 0:00:14]} dxe3 {[%clk 0:00:35]} 24. fxe3
{[%clk 0:00:15]} a5 {[%clk 0:00:33]} 25. Qf2 {[%clk 0:00:04]} Rf8
{[%clk 0:00:22]} 26. Nd2 {[%clk 0:00:05]} Rbe8 {[%clk 0:00:06]} 27. Kh1
{[%clk 0:00:06]} Bc6 {[%clk 0:00:04]} 28. Bxc6 {[%clk 0:00:05]} Qxc6+
{[%clk 0:00:05]} 29. Qg2 {[%clk 0:00:06]} Qc7 {[%clk 0:00:06]} 30. Nf3
{[%clk 0:00:04]} e4 {[%clk 0:00:05]} 31. dxe4 {[%clk 0:00:04]} Rxe4
{[%clk 0:00:05]} 32. Ng5 {[%clk 0:00:05]} Rxe3 {[%clk 0:00:06]} 33. Rbd1
{[%clk 0:00:04]} Be7 {[%clk 0:00:05]} 34. Nf3 {[%clk 0:00:03]} Qxc4
{[%clk 0:00:05]} 35. Qb2+ {[%clk 0:00:04]} Qc3 {[%clk 0:00:05]} 36. Qf2
{[%clk 0:00:04]} Bc5 {[%clk 0:00:05]} 37. Qg2 {[%clk 0:00:04]} Rfe8
{[%clk 0:00:05]} 38. Ng5 {[%clk 0:00:05]} Re2 {[%clk 0:00:05]} 39. Qd5
{[%clk 0:00:04]} Qf6 {[%clk 0:00:05]} 40. Nh3 {[%clk 0:00:04]} R2e5
{[%clk 0:00:06]} 41. Qf3 {[%clk 0:00:04]} Re3 {[%clk 0:00:07]} 42. Qd5
{[%clk 0:00:05]} Qe6 {[%clk 0:00:08]} 43. Ng5 {[%clk 0:00:03]} Qxd5+
{[%clk 0:00:08]} 44. Rxd5 {[%clk 0:00:04]} R8e7 {[%clk 0:00:10]} 45. Rfd1
{[%clk 0:00:03]} h6 {[%clk 0:00:11]} 46. Nh3 {[%clk 0:00:04]} Re1+
{[%clk 0:00:12]} 47. Rxe1 {[%clk 0:00:05]} Rxe1+ {[%clk 0:00:14]} 48. Kg2
{[%clk 0:00:05]} g5 {[%clk 0:00:13]} 49. Rxf5 {[%clk 0:00:03]} g4
{[%clk 0:00:09]} 50. Nf2 {[%clk 0:00:04]} Re2 {[%clk 0:00:11]} 51. Kf1
{[%clk 0:00:05]} Rxf2+ {[%clk 0:00:11]} 0-1

[Event "Russian Blitz Team Championship (m)"]
[Site "Sochi"]
[Date "2022.10.17"]
[Round "4.6"]
[White "Tomashevsky, Evgeny"]
[Black "Sjugirov, Sanan"]
[Result "1/2-1/2"]
[BlackElo "2609"]
[WhiteElo "2695"]
[LiveChessVersion "1.4.8"]

1. Nf3 {[%clk 0:03:02]} Nf6 {[%clk 0:03:01]} 2. c4 {[%clk 0:03:00]} e6
{[%clk 0:02:59]} 3. d4 {[%clk 0:02:59]} Bb4+ {[%clk 0:02:56]} 4. Bd2
{[%clk 0:02:57]} a5 {[%clk 0:02:55]} 5. e3 {[%clk 0:02:57]} b6 {[%clk 0:02:49]}
6. Bd3 {[%clk 0:02:54]} Bb7 {[%clk 0:02:48]} 7. O-O {[%clk 0:02:50]} O-O
{[%clk 0:02:44]} 8. Nc3 {[%clk 0:02:51]} d6 {[%clk 0:02:35]} 9. Rc1
{[%clk 0:02:48]} Nbd7 {[%clk 0:02:34]} 10. Qe2 {[%clk 0:02:44]} Bxc3
{[%clk 0:02:29]} 11. Bxc3 {[%clk 0:02:44]} Ne4 {[%clk 0:02:30]} 12. Rfd1
{[%clk 0:02:38]} Qe7 {[%clk 0:02:24]} 13. Be1 {[%clk 0:02:36]} f5
{[%clk 0:02:22]} 14. Nd2 {[%clk 0:02:36]} Nxd2 {[%clk 0:02:03]} 15. Bxd2
{[%clk 0:02:32]} e5 {[%clk 0:02:00]} 16. Bc3 {[%clk 0:02:12]} Rae8
{[%clk 0:01:55]} 17. d5 {[%clk 0:02:10]} Nc5 {[%clk 0:01:23]} 18. Bc2
{[%clk 0:02:09]} f4 {[%clk 0:01:23]} 19. exf4 {[%clk 0:01:57]} Rxf4
{[%clk 0:01:23]} 20. Bd2 {[%clk 0:01:58]} Rf7 {[%clk 0:01:18]} 21. Qh5
{[%clk 0:01:54]} g6 {[%clk 0:01:16]} 22. Qg5 {[%clk 0:01:42]} Qf8
{[%clk 0:01:09]} 23. Be3 {[%clk 0:01:20]} Bc8 {[%clk 0:01:09]} 24. b3
{[%clk 0:01:04]} Bf5 {[%clk 0:01:09]} 25. Qh4 {[%clk 0:01:01]} Bxc2
{[%clk 0:01:04]} 26. Rxc2 {[%clk 0:01:02]} Rf5 {[%clk 0:00:55]} 27. h3
{[%clk 0:01:00]} Qf7 {[%clk 0:00:55]} 28. Rb1 {[%clk 0:00:55]} Nd3
{[%clk 0:00:46]} 29. a3 {[%clk 0:00:54]} Nf4 {[%clk 0:00:43]} 30. b4
{[%clk 0:00:51]} axb4 {[%clk 0:00:44]} 31. axb4 {[%clk 0:00:52]} Ra8
{[%clk 0:00:34]} 32. Qg4 {[%clk 0:00:48]} Kg7 {[%clk 0:00:28]} 33. Rd1
{[%clk 0:00:47]} Ra3 {[%clk 0:00:25]} 34. Bxf4 {[%clk 0:00:35]} Rxf4
{[%clk 0:00:26]} 35. Qe2 {[%clk 0:00:36]} Ra4 {[%clk 0:00:18]} 36. c5
{[%clk 0:00:37]} bxc5 {[%clk 0:00:06]} 37. bxc5 {[%clk 0:00:38]} Rad4
{[%clk 0:00:07]} 38. cxd6 {[%clk 0:00:36]} Rxd1+ {[%clk 0:00:07]} 39. Qxd1
{[%clk 0:00:37]} cxd6 {[%clk 0:00:08]} 40. Rd2 {[%clk 0:00:31]} h5
{[%clk 0:00:09]} 41. Qc2 {[%clk 0:00:31]} Qa7 {[%clk 0:00:07]} 42. Kh2
{[%clk 0:00:31]} h4 {[%clk 0:00:06]} 43. Qc6 {[%clk 0:00:29]} Rxf2
{[%clk 0:00:05]} 44. Rxf2 {[%clk 0:00:14]} Qxf2 {[%clk 0:00:06]} 45. Qxd6
{[%clk 0:00:15]} Qg3+ 46. Kh1 Qe1+ {[%clk 0:00:06]} 47. Kh2 {[%clk 0:00:18]} Qg3+
{[%clk 0:00:06]} 1/2-1/2